00835cam a22002653a 450000100090000000300040000900500170001300800410003001000170007102000150008803500210010304000180012405000230014210000190016524501010018426000350028530000290032049000450034952100070039452600080040165500310040965500300044070000370047071000620050716386978OSt20140310184417.0971210s1997 xxu 000 1 eng  a 97811463  a0590212443 a(DLC) 97811463 aDLCcDLCdDLC00aPZ 7b.D121Gh 19981 aDadey, Debbie.14aThe Bailey School kids :bGhouls Dont Scoop Ice Cream /cDebbie Dadey and Marcia Thornton Jones. aNew York :bScholastic,c1998. a119 p. :bill. ;c20 cm.0 aThe Adventures of the Bailey school kids aG4 c600 7aYoung adult fiction.2lcsh 7aAdventure fiction.2gsafd1 aJones, Marciaq(Marcia Thornton)2 aCopyright Paperback Collection (Library of Congress)5DLC